Puchary Polski - Statystyki

Ogólne statystyki
  • Ten quiz został rozwiązany 129 razy
    87 od ostatniego zresetowania
  • Średni wynik to 52 z 69
Statystyki odpowiedzi
Sezon Klub % Poprawnych
1954/55 Legia Warszawa
97%
1955/56 Legia Warszawa
97%
1963/64 Legia Warszawa
97%
1965/66 Legia Warszawa
97%
1972/73 Legia Warszawa
97%
1979/80 Legia Warszawa
97%
1980/81 Legia Warszawa
97%
1988/89 Legia Warszawa
97%
1989/90 Legia Warszawa
97%
1993/94 Legia Warszawa
97%
1994/95 Legia Warszawa
97%
2007/08 Legia Warszawa
97%
2010/11 Legia Warszawa
97%
2011/12 Legia Warszawa
97%
2012/13 Legia Warszawa
97%
2014/15 Legia Warszawa
97%
2015/16 Legia Warszawa
97%
2017/18 Legia Warszawa
97%
2022/23 Legia Warszawa
97%
1981/82 Lech Poznań
96%
1983/84 Lech Poznań
96%
1987/88 Lech Poznań
96%
2003/04 Lech Poznań
96%
2008/09 Lech Poznań
96%
2020/21 Raków Częstochowa
92%
2021/22 Raków Częstochowa
92%
1925/26 Wisła Kraków
87%
1966/67 Wisła Kraków
87%
2001/02 Wisła Kraków
87%
2002/03 Wisła Kraków
87%
1964/65 Górnik Zabrze
79%
1967/68 Górnik Zabrze
79%
1968/69 Górnik Zabrze
79%
1969/70 Górnik Zabrze
79%
1970/71 Górnik Zabrze
79%
1971/72 Górnik Zabrze
79%
1952 Polonia Warszawa
79%
2000/01 Polonia Warszawa
79%
1978/79 Arka Gdynia
77%
2016/17 Arka Gdynia
77%
1950/51 Ruch Chorzów
77%
1973/74 Ruch Chorzów
77%
1995/96 Ruch Chorzów
77%
2019/20 Cracovia
76%
2009/10 Jagiellonia Białystok
73%
1982/83 Lechia Gdańsk
73%
2018/19 Lechia Gdańsk
73%
1975/76 Śląsk Wrocław
73%
1986/87 Śląsk Wrocław
73%
1984/85 Widzew Łódź
68%
2013/14 Zawisza Bydgoszcz
62%
1956/57 ŁKS
61%
1985/86 GKS Katowice
56%
1990/91 GKS Katowice
56%
1992/93 GKS Katowice
56%
1996/97 Amica Wronki
49%
1997/98 Amica Wronki
49%
1998/99 Amica Wronki
49%
1999/00 Amica Wronki
49%
2005/06 Wisła Płock
45%
1961/62 Zagłębie Sosnowiec
44%
1962/63 Zagłębie Sosnowiec
44%
1976/77 Zagłębie Sosnowiec
44%
1977/78 Zagłębie Sosnowiec
44%
1991/92 Miedź Legnica
35%
1974/75 Stal Rzeszów
32%
2004/05 Dyskobolia Grodzisk Wielkopolski
31%
2006/07 Dyskobolia Grodzisk Wielkopolski
31%
1953/54 Gwardia Warszawa
11%
Nie znaleziono quizów pasujących do podanych kryteriów
Rozkład punktacji
Procent ludzi z każdym wynikiem
Percentyl według liczby udzielonych odpowiedzi
Twoja historia wyników
Nie rozwiązałeś tego quizu od ostatniego zresetowania